书目信息 |
| 题名: |
野菜志
|
|
| 作者: | 曾珍 著 | |
| 分册: | ||
| 出版信息: | 重庆 重庆大学出版社 2008.04 |
|
| 页数: | 108页 | |
| 开本: | 23cm | |
| 丛书名: | 自然随笔丛书 | |
| 单 册: | ||
| 中图分类: | S647-49 | |
| 科图分类: | ||
| 主题词: | 野生植物--ye sheng zhi wu--蔬菜--蔬菜园艺--通俗读物 , 随笔--sui bi--中国--当代--作品集 | |
| 电子资源: | ||
| ISBN: | 978-7-5624-4397-1 | |
| 000 | 00964nam 2200253 450 | |
| 001 | 012008001044 | |
| 005 | 20080916104112.67 | |
| 010 | @a978-7-5624-4397-1@dCNY32.00 | |
| 100 | @a20080721d2008 em y0chiy0120 ea | |
| 101 | 0 | @achi |
| 102 | @aCN@b500000 | |
| 105 | @aa z 000cy | |
| 200 | 1 | @a野菜志@Aye cai zhi@f曾珍著@Fceng zhen zhu |
| 210 | @a重庆@c重庆大学出版社@d2008.04 | |
| 215 | @a108页@c图@d23cm | |
| 225 | 2 | @a自然随笔丛书@Azi ran sui bi cong shu |
| 330 | @a本书主要介绍了一些常见的野菜。当你认识一些野菜后,你就学会了此生第一道“麻瓜魔法”,不管走到哪里,你面前的寻常草地都会迅速变幻,那些拖着泥土,挂着露珠的野菜,纷纷现身出来,像海面上的鱼鲜一样迅速聚拢,匍匐在你脚下。 | |
| 410 | 0 | @12001 @a自然随笔丛书 |
| 606 | 0 | @a野生植物@Aye sheng zhi wu@x蔬菜@x蔬菜园艺@j通俗读物 |
| 606 | 0 | @a随笔@Asui bi@y中国@z当代@j作品集 |
| 690 | @aS647-49@v4 | |
| 701 | 0 | @a曾珍@Azeng zhen@4著 |
| 801 | 0 | @aCN@c20080916 |
| 905 | @b731221-22@dS647-49@eZ032@f2 | |
| 野菜志/曾珍著.-重庆:重庆大学出版社,2008.04 |
| 108页:图;23cm.-(自然随笔丛书) |
| ISBN 978-7-5624-4397-1:CNY32.00 |
| 本书主要介绍了一些常见的野菜。当你认识一些野菜后,你就学会了此生第一道“麻瓜魔法”,不管走到哪里,你面前的寻常草地都会迅速变幻,那些拖着泥土,挂着露珠的野菜,纷纷现身出来,像海面上的鱼鲜一样迅速聚拢,匍匐在你脚下。 |
| ● |
| 相关链接 |
|
|
|
正题名:野菜志
索取号:S647-49/Z032
 
预约/预借
| 序号 | 登录号 | 条形码 | 馆藏地/架位号 | 状态 | 备注 |
| 1 | 678172 | 206781721 | 数理学院资料室/401自科库 67排7列5层/ [索取号:S647-49/Z032] | 在馆 | |
| 2 | 731221 | 207312219 | 自科库401/401自科库 67排7列5层/ [索取号:S647-49/Z032] | 在馆 | |
| 3 | 731222 | 207312228 | 自科库401/401自科库 67排7列5层/ [索取号:S647-49/Z032] | 在馆 |